Deutsche Großstädte anhand ihrer Nachbargemeinden - Statistiken

Allgemein
  • Dieses Quiz wurde 113 mal gespielt
  • Das Durchschnittsergebnis liegt bei 26 aus 80
Antwortstatistiken
Nachbargemeiden Stadt % Korrekt
Hennigsdorf, Teltow, Falkensee Berlin
74%
Monheim, Troisdorf, Hürth Köln
66%
Meckenheim, Niederkassel, Königswinter Bonn
62%
Hattingen, Castrop-Rauxel, Witten Bochum
59%
Bad Vilbel, Kelsterbach, Eschborn Frankfurt am Main
58%
Norderstedt, Ahrensburg, Seevetal Hamburg
57%
Kornwestheim, Filderstadt, Leonberg Stuttgart
57%
Radebeul, Heidenau, Moritzburg Dresden
54%
Dinslaken, Bottrop, Mülheim an der Ruhr Oberhausen
54%
Marl, Dorsten, Herten Gelsenkirchen
52%
Waltrop, Kamen, Schwerte Dortmund
51%
Verl, Bad Salzuflen, Spenge Bielefeld
49%
Herten, Recklinghausen, Gelsenkirchen Herne
49%
Rheinberg, Ratingen, Dinslaken Duisburg
48%
Wallenhorst, Georgsmarienhütte, Lotte Osnabrück
48%
Roetgen, Stolberg, Würselen Aachen
47%
Heiligenhaus, Hattingen, Gladbeck Essen
45%
Fuldatal, Staufenberg, Habitchswald Kassel
45%
Nuthetal, Kleinmachnow, Dallgrow-Döberitz Potsdam
45%
Langenfeld, Hilden, Meerbusch Düsseldorf
44%
Obertshausen, Heusenstamm, Neu-Isenburg Offenbach
43%
Datteln, Oer-Erkenschwick, Herten Recklinghausen
43%
Ronnenberg, Isernhagen, Laatzen Hannover
42%
Wilhelmsfeld, Sandhausen, Dossenheim Heidelberg
42%
Lampertheim, Brühl, Ilvesheim Mannheim
42%
Ahlen, Bergkamen, Lippetal Hamm
40%
Klein-Winternheim, Bodenheim, Nieder-Olm Mainz
37%
Kaarst, Korschenbroich, Dormagen Neuss
37%
Karlsfeld, Feldkirchen, Grünwald München
36%
Lilienthal, Ottersberg, Achim Bremen
35%
Kamp-Lintfort, Rheinberg, Neukirchen-Vluyn Moers
35%
Freudenberg, Netphen, Kreuztal Siegen
35%
Markkleeberg, Jesewitz, Pegau Leipzig
34%
Neuengönna, Zöllnitz, Bad Sulza Jena
33%
Wermelskirchen, Radevormwald, Hückeswagen Remscheid
32%
Zirndorf, Obermichelbach, Veitsbronn Fürth
31%
Herdecke, Gevelsberg, Nachrodt-Wiblingwerde Hagen
31%
Burscheid, Monheim, Odenthal Leverkusen
31%
Schlangenbad, Budenheim, Eppstein Wiesbaden
31%
Tönisvorst, Neukirchen-Vluyn, Kempen Krefeld
30%
Haan, Wermelskirchen, Leichlingen Solingen
30%
Sprockhövel, Wülfrath, Radevormwald Wuppertal
30%
Gersthofen, Kissing, Bobingen Augsburg
29%
Roßdorf, Erzhausen, Messel Darmstadt
29%
Greven, Sendenhorst, Ascheberg Münster
29%
Harsewinkel, Rietberg, Herzebrock-Clarholz Gütersloh
27%
Loxstedt, Geestland, Schiffdorf Bremerhaven
26%
Lugau, Callenberg, Flöha Chemnitz
26%
Püttlingen, Quierscheid, Mandelbachtal Saarbrücken
25%
Altenholz, Strande, Honigsee Kiel
24%
Schermbeck, Hünxe, Dorsten Bottrop
23%
Gleichen, Bovenden, Dransfeld Göttingen
23%
Jüchen, Willich, Schwalmtal Mönchengladbach
23%
Salzkotten, Hövelhof, Delbrück Paderborn
23%
Blaustein, Hüttisheim, Elchingen Ulm
23%
Manching, Karlskron, Nassenfels Ingolstadt
22%
Wardenburg, Rastede, Elsfleth Oldenburg
22%
Odenthal, Rösrath, Kürten Bergisch Gladbach
20%
Eitelborn, Fachbach, Bendorf Koblenz
20%
Ratingen, Oberhausen, Düsseldorf Mülheim an der Ruhr
20%
Barleben, Schönebeck, Gommern Magdeburg
19%
Aach, Franzenheim, Igel Trier
19%
Cremlingen, Wendeburg, Meine Braunschweig
18%
Grammetal, Nottleben, Elxleben Erfurt
18%
Stein, Rohr, Wendelstein Nürnberg
18%
Pliezhausen, Sonnenbrühl, Pfulingen Reutlingen
18%
Hagenbach, Waldbronn, Pfinztal Karlsruhe
16%
Vörstetten, Kirchzarten, Gottenheim Freiburg im Breisgau
15%
Söhlde, Baddeckenstedt, Liebenburg Salzgitter
15%
Möhrendorf, Spardorf, Bubenreuth Erlangen
14%
Teutschenthal, Kabelsketal, Petersberg Halle (Saale)
14%
Massenbachhausen, Lehrensteinsfeld, Bad Wimpfen Heilbronn
14%
Stockelsdorf, Mönkhagen, Selmsdorf Lübeck
14%
Mutterstadt, Altrip, Maxdorf Ludwigshafen am Rhein
14%
Neutraubling, Barbing, Lappersdorf Regensburg
14%
Danndorf, Weyhausen, Groß Twülpstedt Wolfsburg
14%
Randersacker, Estenfeld, Güntersleben Würzburg
14%
Gronau, Schellerten, Diekholzen Hildesheim
12%
Wurmberg, Kieselbronn, Kämpfelbach Pforzheim
12%
Gelbensande, Dummerstorf, Papendorf Rostock
10%
Keine übereinstimmenden Quizze gefunden
Verteilung der Resultate
Anzahl Personen mit jedem Resultat
Perzentil nach korrekt beantworteten Fragen
Ihre Resultats-Entwicklung
Sie haben dieses Quiz noch nicht gespielt